00527 2200217 4500001002100000005001500021035002000036007000300056008004100059020002200100082000800122084001400130100001600144245003300160260004000193300003300233650001000266250001100276990001100287990001100298INLIS00000000000557520220512015703 a0010-0320000143ta220512 g 1 ind  a978-602-8277-24-2 a813 a813 DEA o0 aDEASYLAWATI1 aOre Wa Ren /cDeasylawati P. aSurakarta :bAlfa Publishing,c2010 a215 hlm. :b;c14 x 20.5 cm. 4aFIKSI aCet. 1 a14.667 a14.667